Vplyv teploty a času trvania žíhania na magnetický stav tenkých amorfných feromagnetických vrstiev, študovaný metódou feromagnetickej rezonancie

Podrobná bibliografia
Hlavní autori: Jakal, Kamil (Autor), Rákoš, Matej, 1922-2011 (Autor)
Médium: Článok
Jazyk:slovenčina
Fyzický popis:Obr. 3., lit. 7 zázn. v slov., ruš., angl.
Predmet:

MARC

LEADER 00000nab a2200000 a 4500
001 vtls000145473
003 SK-MaSNL
005 20260304071530.0
008 250422c1983 xo 0 slo
015 |a SNBRB19rr/mm-uuuuu 
035 |a CL0155580 
035 |a urn:nbn:sk:snk-abczo9 
035 |a (urnnbn)urn:nbn:sk:snk:ar-006tvj 
035 |a (uuid)97a56844-98a0-4fc9-937c-4dba7e78d31a 
040 |a SNKBUCL  |b slo  |c SNKBUCL  |e AACR2 
041 0 |a slo 
044 |a xo  |c SK 
080 |a 621.318.24  |2 1981 
080 |a 621.36  |2 1981 
100 1 |a Jakal, Kamil  |4 aut  |9 5668 
245 1 0 |a Vplyv teploty a času trvania žíhania na magnetický stav tenkých amorfných feromagnetických vrstiev, študovaný metódou feromagnetickej rezonancie  |c K. Jakal, M. Rákoš 
300 |b Obr. 3., lit. 7 zázn. v slov., ruš., angl. 
650 0 7 |a vrstvy feromagnetické  |2 snkbucl  |9 1358756 
650 0 7 |a žíhanie  |2 snkbucl  |9 872168 
650 0 7 |a rezonancia feromagnetická  |2 snkbucl  |9 1180840 
655 7 |a články z novín a časopisov  |2 snkbucl  |9 267496 
700 1 |a Rákoš, Matej,  |d 1922-2011  |4 aut 
773 0 |t Elektrotechnický časopis  |g Roč. 34, č. 3 (1983), s. 203-208 
850 |a Slovenská národná knižnica 
852 |a Slovenská národná knižnica 
954 |a odborná, vedecká literatúra pôvodná (slovenská)  |2 lita 
958 |a article17 
958 |a NB 
958 |a RK 
958 |a OND 
958 |a EUIPO 
992 |a RBX 
999 |c 2760863  |d 2762793